Štúrovo

Zobrazenie: Pohľady na rieku, budovy a ulice

Bibliographic Details
Other Authors: Kačer, Vladimír (fotograf) (Photographer)
Format: Photo
Language:Slovak
PhysicalDescription:1 pohľadnica (4 čiastkové pohľady) farebná 11 x 15 cm
Published: Bratislava Pravda 1972
Subjects:

MARC

LEADER 00000nkm a2200000 a 4500
001 vtls011794736
003 SK-MaSNL
005 20260331211415.0
007 kf co
008 230718s1972 xo g kuslo
015 |a SNBG1972 
035 |a urn:nbn:sk:snk-km00dq7t 
035 |a urn:nbn:sk:snk-km3lx67 
035 |a E613B8B5-8207-4593-8FD6-35134E208CB5 
040 |a SNK  |b slo  |c SNK  |e AACR2 
041 0 |a slo 
043 |a e-xo--- 
044 |a xo  |c SK 
072 7 |a 913  |x Regionálna geografia  |2 konspekt 
080 |a 913(437.6)  |2 2011 
080 |a 721  |2 2011 
080 |a (084.121)  |2 2011 
080 |a 711.73  |2 2011 
100 1 |a Kačer, Vladimír  |c (fotograf)  |4 pht  |9 65617 
245 1 0 |a Štúrovo  |h grafika  |c foto Vladimír Kačer 
260 |a Bratislava  |b Pravda  |c 1972 
300 |a 1 pohľadnica (4 čiastkové pohľady)  |b farebná  |c 11 x 15 cm 
500 |a Názvové údaje prevzaté z obrazovej časti pohľadnice 
520 8 |a Zobrazenie: Pohľady na rieku, budovy a ulice 
650 0 7 |a ulice  |2 SNKPH  |9 2938 
650 0 7 |a budovy  |2 SNKPH  |9 1283 
651 7 |a Štúrovo (Slovensko)  |2 SNKPHgeo  |9 27957 
655 7 |a miestne pohľadnice  |2 SNKPH  |9 70510 
852 |a Slovenská národná knižnica 
954 |a pohľadnice pôvodné (slovenské)  |2 lita 
958 |a GBN 
958 |a GC 
958 |a OND 
958 |a EUIPO 
999 |c 600147  |d 602077 
952 |a SNK  |b SNK  |y PREZ  |7 0  |p 17A1225182  |o snkSP 23646  |0 0  |1 0  |4 0  |d 2018-11-14  |f 1  |l 0  |r 2026-02-23 15:51:51  |w 2026-02-23